000
00313nam a2200109Ia 4500
008
200302s9999 xx 000 0 und d
100
_a
Cynthia A. Woodward
245
_a
Human Resources Management for Design Professional
260
_b
The American Institute of Architects Press
260
_c
1990
300
_a
134 P.,
999
_c
1920
_d
1920